000 00555nam a2200157 a 4500
008 120416s1998 ||||||||||||||||| || u
020 _a0240514483
050 _aTK 7887.5 An
100 _aAn, Pei
245 1 0 _aPC interfacing: using centronic, RS232 and game ports
_cPei An
260 _aOxford
_bNewnes
_c1998
300 _a329p. : ill.
350 _a0.00
650 _aCOMPUTERS
995 _D0.00
_FCBU-MAIN LIBRARY (Kitwe)
_H1
_I0.00
_M2
_UAVAILABLE
_WFeb 3, 2010
_ZMain Library Open Access Collection
999 _c53239
_d53239